| 000 | nam a22 7a 4500 | ||
|---|---|---|---|
| 999 |
_c23943 _d23943 |
||
| 008 | 170127b xxu||||| |||| 00| 0 eng d | ||
| 020 | _a0078650178 | ||
| 050 | _aHD 30.4 .R84 2006 | ||
| 100 |
_aRue, Leslie W. _d2006 |
||
| 245 |
_aBusiness Management: _bReal-world applications and connections/ _cLeslie W. Rue, Lloyd L. Byars. |
||
| 260 |
_aNew york: _bMc Graw hill, _c2006. |
||
| 300 |
_axviii, 541p.: _bill.; _c26cm. |
||
| 521 | _aIncludes bibliographies and index. | ||
| 650 | _aManagement. | ||
| 650 | _aIndustrial management. | ||
| 650 | _aBusiness. | ||
| 700 | _aByars, Lloyd L. | ||
| 942 |
_2lcc _cBOOKS _hHD 30.4 .R84 2006 |
||